000 nam a22 a 4500
999 _c4154
_d4154
005 20170525123042.0
008 170525s2012 be ||||| |||| 00| 0 eng d
020 _a9782874920233
040 _aAKMAL
082 _a343.08 WCO
090 _a343.08
_bWCO
130 0 _a |a Systeme harmonisé de designation et de codification des marchandises. English.
_98156
245 1 0 _aHarmonized Commodity Description and Coding System.
250 _afifth ed.
260 _aBrussels :
_bWorld Customs Organization,
_c2012
300 _ax, 403pages ;
_c29cm
650 1 0 _aTariff
_vTerminology and classification.
_98133
650 2 0 _aCommercial products
_vClassification.
_98134
710 2 _aWorld Customs Organization
_95917
942 _2ddc
_cBOOK
950 _lAKMAL